01055nam a2200325Ia 450000500170000000800410001702000180005804100080007610000310008424500440011525000180015930000250017750000420020258600360024465000350028065000390031565000350035465000360038965000390042565000350046465000350049994200150053426400310054933600270058033700330060733800280064004000350066808400110070399900150071420220317001805.0170328s2013 c g 000 f s  a9789587585827 aspa1 aVargas Llosa, Mariod1936-13aEl héroe discretocMario Vargas Llosa a1a. edición a383 páginasc24 cm aIncluye datos biográficos del autor aPremio Nobel de Literatura 2010142LEMBaNovela peruanaySiglo XX142LEMBaLiteratura peruanaySiglo XX142LEMBaIntriga en la literatura142LEMBaVenganza en la literatura142LEMBaExtorsión en la literatura142LEMBaLealtad en la literatura142LEMBaFamilia en la literatura 2loccBKLIT aBogotábAlfaguaracc2013 atextobtxt2rdacontent asin mediaciónbn2rdamedia avolumenbnc2rdacarrier aCO-BoRNBPbspaerdacCO-BoRNBP aN VAR1 c8104d8104